000 00621nam a2200241Ia 4500
005 20260121112622.0
008 7440 260114s9999 xx 000 0 eng d
020 _a9789812771995
037 _aEBOOK
040 _aCRL
_beng
_cCRL
041 _aeng
_2eng
084 _qCRL
100 _aAste Tomaso Et Al
_9960503
245 0 _aGranular and Complex Materials
260 _bWorld Scientific
260 _bWSPC
260 _c2007
650 _aPhysics
_9960504
856 _uhttps://www.worldscientific.com/worldscibooks/10.1142/6616#t=toc
942 _cEBOOK
999 _c1544740
_d1544740